Представление документа в формате RUSMARC

ПолеНазваниеЗначение
  Тип записи a
  Библиографический уровень c
001 Контрольный номер RU/SLIB/B/208778185
005 Дата корректировки 20250410162429.0
010 Индекс ISBN __
d Цена 0-35
100 Данные общей обработки __
a Данные общей обработки 20250410d1969 m y0rusy028902 ca
101 Язык документа 0_
a Язык текста rus
102 Страна публикации __
a Страна публикации RU
105 Кодированные данные (монография) __
a Кодированные данные (монография) y z 000ay
181 Поле кодированных данных: вид содержания _0
a Код вида содержания (ISBD) i
182 Поле кодированных данных: тип средства _0
a Код типа средства (ISBD) n
200 Заглавие и сведения об ответственности 1_
a Заглавие Костя-Египтянин
f Первые сведения об ответственности И. М. Ермаков ; ред. С. Фалеева
203 Вид содержания и тип средства __
a Вид содержания Текст
c Тип средства непосредственный
210 Выходные данные 1_
a Место издания Свердловск
c Издательство Сред.-Урал. кн. изд-во
d Дата издания 1969
215 Физическое описание __
a Объем 216 с.
606 Тематические рубрики __
a Основная рубрика Художественная литература
z Хронологическая подрубрика 20 в.
y Географическая подрубрика Россия
2 Код системы nlr_sh
606 Тематические рубрики __
a Основная рубрика Русская литература XX в. (произведения)
2 Код системы nlr_sh
610 Ключевые слова 0_
a Ключевые слова сказы
686 Индексы других классификаций __
a Классификационный индекс 84(2Рос=Рус)6-4
2 Код системы rubbks
700 Автор _1
a Фамилия Ермаков
b Имя И. М.
4 Код отношения 070
702 Вторичная интеллектуальная ответственность _1
a Фамилия Фалеев
b Имя С.
4 Код отношения 340
801 Источник записи _0
a Страна RU
b Организация Муниципальное бюджетное учреждение культуры "Централизованная библиотечная система" г. Сургут (Центральная городская библиотека им. А. С. Пушкина)
g Правила каталогизации PSBO
c Дата составления 20050410
801 Источник записи _1
a Страна RU
b Организация Муниципальное бюджетное учреждение культуры "Централизованная библиотечная система" г. Сургут (Центральная городская библиотека им. А. С. Пушкина)
g Правила каталогизации PSBO
c Дата составления 20050410
852 Данные о местонахождении __
j Шифр хранения 84(2Рос=Рус)6-4
i Авторский знак Е 72
p Инвентарный номер 45845
901 Тип документа __
t Тип документа x
a Ответственный КиК/Михайлова
901 Тип документа __
a Ответственный СКБР2025
903 Характеристики (МАРС) __
a Дата передачи 20050410
c Наименование библиотеки (МАРС) Муниципальное бюджетное учреждение культуры "Централизованная библиотечная система" г. Сургут (Центральная городская библиотека им. А. С. Пушкина)
969 Тип издания __
a Тип издания сборник
990 Данные о заказе (DOS) __
j Количество экземпляров (DOS) 1
t N записи в КСУ для И/У (DOS) 199201